000 07399 a2200709 4500
010 _aENG-89777 B-456582-622
020 _a8123750798
_c40.00
035 _aEN-73310 B-456582-622
037 _bDBAD / PUB
037 _bK.K.Pub/Ven
082 1 4 _a921
100 1 _aRaju S. V.
_949940
245 1 _aMinoo Masani/
_cby S.V. Raju
260 _aNew Delhi
_bNational Book Trust, India
_c2007
270 _aA-5, Green Park
_bNew Delhi
_cNew Delhi
_e110 016
300 _axxi, 99p.
_c22 cm. (pbk)
_bb & w photos
490 _aNational biography
_949941
942 _adpl
_cEN
_2ddc
_h921
_mMAS
999 _c11331
_d11331